ნორმალური ფორმატი
MARC ფორმატი
ჩანაწერი Personal Name
ჩანაწერთა რაოდენობა, რომელიც გამოყენებულია: 2
001 - CONTROL NUMBER
- control field: 21324
003 - CONTROL NUMBER IDENTIFIER
- control field: GE_BSU
005 - DATE AND TIME OF LATEST TRANSACTION
- control field: 20240305153852.0
008 - FIXED-LENGTH DATA ELEMENTS
- fixed length control field: 240305|| aca||aabn | a|a d
040 ## - CATALOGING SOURCE
- Original cataloging agency: GE_BSU
- Transcribing agency: GE_BSU
100 ## - HEADING--PERSONAL NAME
- Personal name: ციციშვილი, თამარ
- Relator term: პროექტის ავტორი.
670 ## - SOURCE DATA FOUND
- Source citation: Work cat.: (GE_BSU): შექსპირი, უილიამ 21323, ქარიშხალი = The Tempest :
